书目信息 |
| 题名: |
信息与信息化
|
|
| 作者: | 钟义信 著 | |
| 分册: | ||
| 出版信息: | 北京 中国经济出版社 |
|
| 页数: | 201页 | |
| 开本: | 20cm | |
| 丛书名: | ||
| 单 册: | ||
| 中图分类: | G201 | |
| 科图分类: | ||
| 主题词: | 信息论 , 传播学 | |
| 电子资源: | ||
| ISBN: | 7-5017-2126-2 | |
| 000 | 00649nam0 2200217 45 | |
| 001 | 0404271509 | |
| 005 | 20040427152841.1 | |
| 010 | @a7-5017-2126-2@dCNY7.00 | |
| 100 | @a20040427d km y0chiy0120 ea | |
| 101 | 0 | @achi |
| 105 | @a z 000yy | |
| 200 | 1 | @a信息与信息化@AXin Xi Yu Xin Xi Hua@e知识·方法·应用@EZhi Shi·Fang Fa·Ying Yong@f钟义信著@FZhong Yi Xin Zhu |
| 210 | @a北京@c中国经济出版社 | |
| 215 | @a201页@d20cm | |
| 517 | @a知识·方法·应用@AZhi Shi·Fang Fa·Ying Yong | |
| 606 | 0 | @a信息论 |
| 606 | 0 | @a传播学 |
| 690 | @aG201@v3 | |
| 701 | 0 | @a钟义信@4著 |
| 801 | @aCN@bPftUser@c20040427 | |
| 905 | @f2@b269554-555@dG201@e102 | |
| 信息与信息化:知识·方法·应用/钟义信著.-北京:中国经济出版社 |
| 201页;20cm |
| ISBN 7-5017-2126-2:CNY7.00 |
| ● |
| 相关链接 |
|
|
|
|
正题名:信息与信息化
索取号:G201/102
 
预约/预借
| 序号 | 登录号 | 条形码 | 馆藏地/架位号 | 状态 | 备注 |
| 1 | 0269553 | 000497741 | 第一样本阅览室/ [索取号:G201/102] | 在馆 | |
| 2 | 0269554 | 000497769 | 密集书库/ [索取号:G201/102] | 在馆 | |
| 3 | 0269555 | 000497750 | 密集书库/ [索取号:G201/102] | 在馆 |